Teatro (Registro nro. 76768)

Detalles MARC
000 -ENCABEZADO
Número de control [NR] 00859nam a2200229Ia 4500
008 - DE LONGITUD FIJA DE DATOS DE ELEMENTOS - INFORMACIÓN GENERAL
Elementos de longitud fija [NR] 130821s1953 ag gr spa
040 ## - FUENTE DE CATALOGACION [NR]
Agencia de catalogación original [NR] Co-BoUCM
Idioma de catalogación [NR] spa
041 00 - CODIGO DE IDIOMA [R]
Código de idioma para texto/pista de sonido o título separado [R] Español
100 1# - ASIENTO PRINCIPAL--NOMBRE PERSONAL [NR]
Nombre personal [NR] Lope Vega y Carpio, Félix de
Fechas asociadas con el nombre [NR] 1562-1635
ID Autoridad 84706
245 10 - MENCION DE TITULO [NR]
Título [NR] Teatro
Mención de responsabilidad, etc. [NR] Félix Lope de Vega y Carpio ; estudio preliminar y edición por Guillermo de Torre
250 ## - MENCION DE EDICION [NR]
Mención de edición [NR] 3a. ed.
260 ## - PUBLICACION, DISTRIBUCION, ETC. (PIE DE IMPRENTA) [R]
Lugar de publicación, distribución, etc. [R] Buenos Aires (Argentina)
Nombre del editor, distribuidor, etc. [R] W. M. Jackson
Fecha de publicación, distribución, etc. [R] 1953
300 ## - DESCRIPCION FISICA [R]
Extensión [R] 371 páginas
490 ## - MENCION DE SERIE [R]
Mención de serie [R] Clásicos Jackson
Designación numérica/secuencial del volumen [NR] 9
500 ## - NOTA GENERAL [R]
Nota general [NR] Donación UCM-C-Arrayanes.
501 ## - NOTA DE “CON” [R]
Nota de “Con” [NR] Con: Fuenteovejuna - Peribáñez y el comendador de Ocaña - El caballero de Olmedo - La dama boba
650 ## - ASIENTO SECUNDARIO DE MATERIA - TERMINO TEMATICO [R]
Término temático o nombre geográfico como elemento de entrada [NR] Literatura española
9 (RLIN) 7793
650 ## - ASIENTO SECUNDARIO DE MATERIA - TERMINO TEMATICO [R]
Término temático o nombre geográfico como elemento de entrada [NR] Literatura europea
9 (RLIN) 26524
650 ## - ASIENTO SECUNDARIO DE MATERIA - TERMINO TEMATICO [R]
Término temático o nombre geográfico como elemento de entrada [NR] Teatro español
9 (RLIN) 398
942 ## - ELEMENTOS DE ENTRADA AGREGADOS (KOHA)
Tipo de ítem principal el descrito en 300a Libro
Tema principal Literatura
Edición 3
Parte restante de la signatura top. V422t
Sistema de clasificación DEWEY
Clasificación 862.3
Existencias
Fecha de último préstamo Signatura topográfica Código de barras Última vez visto Volúmen / Fascículo Ejemplar Price effective from Tipo de ítem Perdido Sistema de clasificación Dañado No prestable Tipo de ítem específico Suprimido Ubicación habitual Ubicación actual Localización Fecha de creación Forma de adquisición Costo
18/11/2011 862.3 V422t 100118308 01/12/2025 3a. Ed. Ej.1 03/02/2013 Libro   DEWEY     Libro   Hospital Universitario Mayor Hospital Universitario Mayor 9no piso 30/09/2011 Donación 26000.00